IDOC International : numéro 24 /
IDOC International (por las siglas en inglés) se refiere al Centro Internacional de Documentación sobre la Iglesia Contemporánea, fundado en Roma en 1965, al fin del Concilio Vaticano Segundo y reestructurado en 1968, a raíz de los resultados de la Asamblea del Consejo Ecuménico de Iglesias, con el...
I tiakina i:
| Ētahi atu kaituhi: | |
|---|---|
| Hōputu: | Pukapuka |
| Reo: | Wīwī |
| Ngā marau: | |
| Ngā Tūtohu: |
Kāore He Tūtohu, Me noho koe te mea tuatahi ki te tūtohu i tēnei pūkete!
|
MARC
| LEADER | 00000nam^a2200000^a^4500 | ||
|---|---|---|---|
| 001 | 000182447 | ||
| 005 | 20250521000000.0 | ||
| 009 | 20260310102007.319 | ||
| 037 | |a Acervo ITESO - Biblioteca | ||
| 041 | |a FRA | ||
| 082 | |a 261. 05 |b IDO 1970 V. 24 | ||
| 240 | 1 | 1 | |a [IDOC International, Revue Interconfessionnell de Documentation] |
| 245 | 1 | 0 | |a IDOC International : |b numéro 24 / |c L. Alting von Geusau. |
| 264 | |a París, Francia : |b Editions du Seuil, |c 1970 | ||
| 300 | |a 94 p. | ||
| 336 | |a texto |b txt |2 rdacontenido | ||
| 337 | |a sin mediación |b n |2 rdamedio | ||
| 338 | |a volumen |b nc |2 rdasoporte | ||
| 520 | |a IDOC International (por las siglas en inglés) se refiere al Centro Internacional de Documentación sobre la Iglesia Contemporánea, fundado en Roma en 1965, al fin del Concilio Vaticano Segundo y reestructurado en 1968, a raíz de los resultados de la Asamblea del Consejo Ecuménico de Iglesias, con el propósito de trabajar sobre una base interconfesional. Este grupo de trabajo es internacional conformado por cerca de 250 expertos quienes representan a casi 40 países. A través de su publicación periódica quincenal se difunde únicamente información y documentos que conciernen a problemas de interés internacional e interconfesional, dentro del mundo cristiano contemporáneo. En este número se presentan tres documentos acerca de la conferencia de religiones en Brasil, opinión del Cardenal Daniélou y la Iglesia en Vietnam, a la hora de la reconciliación con el comunismo vietnamita y un dossier que aborda el ecumenismo y el Concilio pastoral holandés. | ||
| 649 | |a XX | ||
| 650 | |a Iglesia y Problemas Sociales - |x Publicaciones Periódicas Francesas | ||
| 650 | |a Movimientos Religiosos - |z Brasil - |x Historia | ||
| 650 | |a Iglesia Católica en Vietnam - |x Aspectos Políticos | ||
| 650 | |a Comunismo - |z Vietnam | ||
| 650 | |a Política y Religión - |z Vietnam | ||
| 650 | |a Concilios y Sínodos Diocesanos - |z Holanda - |x Historia | ||
| 650 | |a Ecumenismo - |z Holanda | ||
| 650 | |a Sociedad Postindustrial | ||
| 650 | |a Cristianismo | ||
| 650 | |a Religión | ||
| 650 | |a Publicaciones Periódicas Francesas | ||
| 700 | |a Alting von Geusau, Léo |e (dirección) | ||
| 910 | |a Fondo General | ||
| 920 | |a Impresos - Libros | ||
| 930 | |a Colección General | ||
| 905 | |a 101 | ||
| 901 | |a 0500122080 |b IT1 |c ACC |u 20250521 | ||
| 902 | |a https://opac.biblio.iteso.mx/vufind/Record/000182447 | ||